[Event "Rowy Jantar op-B 11th"]
[Site "Rowy"]
[Date "2002.06.15"]
[Round "8"]
[White "Klamann, Marcin"]
[Black "Piotrzkowski, Mieczyslaw"]
[Result "1/2-1/2"]
[WhiteElo "1800"]
[BlackElo "1800"]
[PlyCount "67"]
[EventDate "2002.06.??"]
[EventType "swiss"]
[EventRounds "8"]
[EventCountry "POL"]
[SourceTitle "EXT 2006"]
[Source "ChessBase"]
[SourceDate "2005.11.24"]
[SourceVersion "1"]
[SourceVersionDate "2005.11.24"]
[SourceQuality "1"]

1. e4 g6 2. d4 Bg7 3. Bc4 d6 4. Nf3 Nc6 5. c3 Nf6 6. Nbd2 0-0 7. 0-0 e5 8. Re1 Ne8 9. Nb3 h6 10. dxe5 Nxe5 11. Nxe5 Bxe5 12. f4 Bg7 13. Qf3 Be6 14. Bxe6 fxe6 15. Qg4 Qf6 16. Be3 h5 17. Qh3 c5 18. Rad1 b6 19. g3 Rd8 20. e5 Qf5 21. Qxf5 gxf5 22. exd6 Nxd6 23. Nxc5 bxc5 24. Bxc5 Ne4 25. Bxf8 Rxf8 26. Rd7 Rf7 27. Red1 Nf6 28. Rxf7 Kxf7 29. Kg2 Ke7 30. Rd4 Nd5 31. Ra4 Kf6 32. Rxa7 Bf8 33. Ra5 Ne3+ 34. Kf3 1/2-1/2

[Event "Rowy Jantar op-B 11th"]
[Site "Rowy"]
[Date "2002.06.12"]
[Round "5"]
[White "Piotrzkowski, Mieczyslaw"]
[Black "Kwiejda, Andrzej"]
[Result "0-1"]
[WhiteElo "1800"]
[BlackElo "2000"]
[PlyCount "56"]
[EventDate "2002.06.??"]
[EventType "swiss"]
[EventRounds "8"]
[EventCountry "POL"]
[SourceTitle "EXT 2006"]
[Source "ChessBase"]
[SourceDate "2005.11.24"]
[SourceVersion "1"]
[SourceVersionDate "2005.11.24"]
[SourceQuality "1"]

1. Nf3 d5 2. b3 Nc6 3. Bb2 e6 4. e3 Nf6 5. Be2 Bd6 6. 0-0 0-0 7. d3 e5 8. Nbd2 Re8 9. c4 e4 10. dxe4 dxe4 11. Nd4 Ne5 12. Rc1 Qe7 13. Qc2 Neg4 14. h3 Nh6 15. c5 Be5 16. b4 Nd5 17. a3 Qh4 18. f4 Nxe3 19. Qxe4 Nxf1 20. Rxf1 Bxd4+ 21. Qxd4 Nf5 22. Qd3 Re3 23. Nf3 Qe7 24. Qd1 Rxe2 25. Re1 Rxe1+ 26. Nxe1 Qe3+ 27. Kh1 Be6 28. Nc2 Qf2 0-1